000 00582nam a2200217Ia 4500
003 OSt
005 20221007070213.0
006 a|||||r|||| 00| 0
007 ta
008 221006b |||||||| |||| 00| 0 eng d
024 _a15,064
037 _cTextual
040 _aFLL
_cFLL
_beng
041 _2eng
_aeng
082 _aX:9588.1.N5, L5
245 0 _aAdministrative practice of social insurance
260 _aGeneva
_bInternational labour office Geneva
_c1975
300 _a86p
_ccm.
942 _hX:9588.1.N5, L5
_cTEXL
_2CC
999 _c1139774
_d1139774